[Event "Chess.com Global Championship Knockout "]
[Site "Chess.com"]
[Date "2022.09.20"]
[Round "1"]
[White "Bortnyk, Olexandr"]
[Black "Xiong, Jeffery"]
[Result "0-1"]
[WhiteElo "2604"]
[BlackElo "2690"]
[EventDate "2022.??.??"]
[Annotator "Rafael Leitão"]
[PlyCount "92"]
[Beauty "7217155685921"]
[EventType "team-tourn"]
[TimeControl "900+2"]

1.e4 e5 2.Nf3 Nc6 3.Bb5 Nf6 4.d3 Bc5 5.Nc3 {One of the hundreds of ways to play the Anti-Berlin system. This is only the fifth most popular move.} 5...O-O 6.O-O Re8 7.Be3 $2 {Curiously, this move, natural as it seems, is a serious mistake.} ( 7.Bg5 {is the main move.} ) 7...Nd4 $1 {Now Black is already clearly better. The problem is that the b5-bishop is in trouble. This knight jump gains strength because White cannot capture with the f3-knight due to the fork, a common pattern in many opening variations. This is one of the reasons why everyone should study games from different openings—it improves your pattern recognition, a crucial ability to achieve chess mastery.} 8.Ba4 ( 8.Bxd4 exd4 9.Ne2 c6 {is also better for Black. This was played in Neiksans-Malakhov, Warsaw (rapid) 2012.} ) 8...c6 $1 {Black prepares both b7-b5 and d7-d5.} 9.h3 {This move is useful to avoid Bg4 in some lines.} ( 9.Bxd4 {This doesn't solve White's problems. There is a very instructive variation:} 9...exd4 10.Ne2 d5 11.e5 ( 11.exd5 Nxd5 $1 {is better for Black since} 12.Nexd4 $2 Bg4 {gives a winning initiative for the sacrificed pawn.} ) 11...Nd7 12.c3 ( 12.Nexd4 Nxe5 13.Nxe5 Bxd4 {wins material.} ) 12...Nxe5 $1 13.Nxe5 Rxe5 14.cxd4 Rxe2 $1 15.Qxe2 Bxd4 {With tremendous compensation for the exchange. The computer already evaluates the position as winning for Black.} ) 9...a5 10.Bb3 b5 {Now, White's pawn structure needs to be damaged because he is forced to advance the a-pawn to give room for the b3-bishop.} 11.a4 $2 {This makes things worse. 11.a3 is better.} ( 11.a3 Nxb3 12.cxb3 Bxe3 13.fxe3 {White has better chances to defend here since b5-b4 is not possible now.} ) 11...Nxb3 12.cxb3 Bxe3 13.fxe3 b4 14.Ne2 d5 $1 15.Qc2 Ba6 {White's position collapses. But the adventure is far from over.} 16.Rfd1 Qb6 17.Kf2 Bxd3 $1 {A nice winning blow.} 18.Rxd3 dxe4 19.Rd6 Nd5 $2 {Xiong surely missed something in his calculation. The simple capture on f3 was enough for a winning advantage.} ( 19...exf3 20.Rxc6 Qb7 21.gxf3 Qd7 22.Rh1 Rac8 23.Rc4 Red8 {and Black has a winning positional advantage, with better pieces, a better pawn structure, and a safer king.} ) 20.Qxe4 {Now, the situation is far from clear.} 20...Qc5 21.Rd7 Nf6 22.Qf5 Nxd7 23.Qxd7 Rad8 24.Rc1 $6 ( 24.Qf5 {leads to a complicated endgame after} 24...g6 25.Qe4 f5 26.Qc4+ Qxc4 27.bxc4 {The position is difficult to play, but White is somewhat better.} ) 24...Qxe3+ $1 {The famous trainer Mark Dvoretsky liked to call this tactical theme a \"desperado.\"} 25.Kxe3 Rxd7 26.Rxc6 ( 26.Nd2 $5 {is a more subtle move. The knight heads to c4.} ) 26...Red8 {The computer claims equality here, but the position seems to me to be easier for Black to play. Material imbalances are usually difficult to evaluate, and this position is no exception.} 27.Nc1 $6 ( 27.Ke4 f6 28.g4 $1 {In general, it seems that White should be fast to advance the kingside pawns to achieve counterplay.} 28...Rd3 29.Nc1 Rd1 30.Ne2 {with equal chances.} ) 27...f6 28.Rc5 ( 28.g4 $1 ) 28...Rd1 29.Rc2 Kf7 30.Ne2 $5 {A tricky move, offering Back the chance to check on d3.} 30...R1d3+ 31.Ke4 $2 {The losing mistake.} ( 31.Kf2 Ke6 {Black is slightly better, but two knights are very dangerous when there are only a few minutes left on the clock.} ( 31...Rxb3 $2 32.Nc1 {and the rook is trapped.} ) ( 31...e4 32.Nfd4 $1 R3xd4 33.Nxd4 Rxd4 34.Ke3 {and White has an easy draw in this rook endgame, for instance:} 34...Rd5 ( 34...Rd3+ 35.Kxe4 Rxb3 36.Kd5 {and the king is too active.} ) 35.Kxe4 Re5+ 36.Kf3 ) ) 31...Ke6 32.Rc6+ R3d6 33.Rxd6+ Rxd6 {The exchange of rooks clearly favors Black. Now it's difficult for White to protect the queenside weaknesses.} 34.Ke3 ( 34.g4 g6 {doesn't make much of a difference. Black will play f6-f5 anyway.} ) 34...f5 $19 35.Nc1 Rd1 36.Nd3 {This allows a liquidation to a winning king and pawn endgame, but the position is lost anyway.} ( 36.Ne2 Rb1 {and the b2-pawn falls.} ) 36...Rxd3+ $1 37.Kxd3 e4+ 38.Ke3 exf3 39.gxf3 g5 {A textbook example of the merits of having a superior pawn structure. White is essentially a pawn down.} 40.Kd4 h5 41.Kd3 Kd5 42.Ke2 Kd4 43.Kd2 g4 44.hxg4 fxg4 45.Ke2 gxf3+ 46.Kxf3 Kd3 0-1

[Event "Chess.com Global Championship Knockout "]
[Site "Chess.com"]
[Date "2022.09.21"]
[Round "2"]
[White "Sevian, Samuel"]
[Black "Vachier Lagrave, Maxime"]
[Result "1-0"]
[WhiteElo "2684"]
[BlackElo "2757"]
[EventDate "2022.??.??"]
[Annotator "Rafael Leitão"]
[PlyCount "61"]
[Beauty "8247276762634"]
[EventType "team-tourn"]

1.c4 e5 2.g3 c6 3.Nf3 e4 4.Nd4 d5 5.cxd5 Qxd5 6.Nc2 {This variation of the English Opening is very popular these days, being played by many strong players. It was in this line that Nepomniachtchi scored a brilliant win with Black against Ding Liren in the first round of the 2022 Candidates Tournament.} 6...Nf6 7.Nc3 Qe5 8.Bg2 Be7 ( 8...Na6 {This move was Nepomniachtchi's choice. It seems to be a more accurate move order because the bishop retains the option to be developed to c5.} 9.O-O ( 9.Ne3 Bc5 $1 ) 9...Be7 10.Ne3 O-O {with a complicated struggle. Ding - Nepomniachtchi, Madrid 2022.} ) 9.Ne3 Na6 10.a3 ( 10.Qc2 $5 {This is an attempt to exploit Black's move order.} 10...Nb4 ( 10...Nc5 {seems to be weaker because of the new move} 11.b3 $1 ( 11.b4 $6 {The problem is that the knight is heading for e6 anyway, and in this case the b4-pawn remains attacked.} 11...Ne6 ) 11...Ne6 12.Bb2 Nd4 13.Qb1 {with a clear advantage for White as the e4-pawn is about to fall.} ) 11.Qb1 {A few games have been played in this position. Black will lose the e4-pawn and it's not clear whether the compensation is enough.} ) 10...O-O 11.b4 Re8 12.Bb2 Qe6 $6 {This is a new move. A couple of correspondence games featured the more precise 12...Bf8 $1 To be honest, I find this position difficult to play with Black, from a human perspective. White has a very clear plan (Qc2, 0-0, f3) and Black has to find some incredible computer resources to stay in the game. This is impossible to do in a real game, unless the position is very well analyzed beforehand.} ( 12...Bf8 13.Qc2 ( 13.O-O Qh5 $1 {and the queen goes to a more active square.} ) 13...Qe7 $1 {Computer precision number one.} 14.O-O Nc7 15.f3 a5 $1 {Computer precision number two.} 16.bxa5 exf3 17.Rxf3 Rxa5 18.Raf1 {Somehow my machine insists that this position is equal and suggests some very difficult moves to defend this evaluation. I'd rather play White.} ) 13.O-O Nc7 14.Qc2 Bd6 ( 14...Bf8 15.f3 a5 $5 {This interesting idea is again an option, but it doesn't solve the problems.} ( 15...exf3 16.Rxf3 {and the attack plays by itself.} ) 16.fxe4 axb4 17.axb4 Rxa1 18.Bxa1 Bxb4 19.Nf5 {with strong pressure, for instance:} 19...Bf8 20.e5 $1 Qxe5 $2 21.Ne4 $18 ) 15.f3 $1 {15.d3 is also possible, but I prefer the move in the game. White's next few moves are easy, strong, and natural, a good combination in any time control, but even better in an armageddon game.} 15...exf3 16.Rxf3 Be5 $6 {The position is lost after this move.} ( 16...Ng4 $1 {Is the best chance to survive, but it's clear that White is better and there are many tempting continuations now. 17.Bh3, 17.Nxg4 and 17.Raf1 all look strong.} 17.Bh3 ( 17.Raf1 ) ( 17.Nxg4 Qxg4 18.Raf1 ) 17...h5 18.Raf1 {with a clear advantage.} 18...Qg6 $1 19.Qxg6 fxg6 20.Bxg4 hxg4 21.Rf7 Rf8 22.Rxf8+ Bxf8 {No one likes to have tripled pawns, but this is better than being mated. Black is still fighting here.} ) 17.Raf1 Qe7 18.Nf5 Bxf5 19.Rxf5 {The plan is simple and effective: e3-d4, sacrifice on f6 at some point, and calculate well. Sevian makes it look easy.} 19...Qd7 20.e3 $1 Rad8 21.d4 Bd6 22.e4 $1 {It's too soon to sacrifice the exchange on f6.} 22...Ne6 23.Ne2 Be7 {White has an overwhelming advantage, but the position is not ripe for a tactical solution yet. Black is paralyzed and with a few preparatory moves his defense collapses.} 24.Qc1 {This move is meant to prevent Ne3 in the following line:} ( 24.e5 Nd5 25.Rxf7 $2 Ne3 ) ( 24.Qb3 {is probably even better. After} 24...Rf8 25.Qf3 $1 {The queen comes to the attack.} ) 24...Rf8 25.Kh1 {Since Black can barely move, Sevian improves his position a little by hiding the king.} 25...Rde8 26.d5 $1 {Now it's time.} 26...cxd5 27.exd5 Nc7 28.Rg5 $1 {Preparing to sacrifice.} 28...h6 29.Rxg7+ $1 {As I like to tell my students: \"Who says A has to say B.\"} 29...Kxg7 30.d6 $1 {A fantastic final touch. It's hard not to be impressed by Sevian's play in this game. 30.d4 immediately is also winning, but the move he played is much more subtle.} ( 30.Nd4 Kh7 31.Qc2+ Kg8 32.Nf5 {is also enough for a decisive attack.} ) 30...Qxd6 ( 30...Bxd6 31.Rxf6 {with checkmate very soon.} ) 31.Nd4 $1 {The knight will land on f5 with deadly effects. A superb performance.} 1-0

[Event "Sinquefield Cup 2022"]
[Site "Chess.com"]
[Date "2022.09.03"]
[Round "2"]
[White "Niemann, Hans Moke"]
[Black "Mamedyarov, Shakhriyar"]
[Result "1-0"]
[WhiteElo "2687"]
[BlackElo "2758"]
[EventDate "2022.??.??"]
[Annotator "Rafael Leitão"]
[PlyCount "98"]
[Beauty "7010749780027"]
[EventType "swiss"]
[EventRounds "9"]
[TimeControl "5400+30"]

{Hans Niemann is a very popular figure right now in the chess world. He gave some hilarious interviews during the St. Louis Rapid and Blitz Championship, and those were always a joy to watch. He is young, confident, and plays all his games to win; he is never afraid even when facing the absolute elite of chess. More than all this, what strikes me as particularly interesting about this player is that he seems to work very hard on his chess, and his rise to the top has been meteoric. His opponent in this game is the already legendary Shakhriyar Mamedyarov, a player who is admired all over the world for his fearless style. This clash promised and delivered fireworks.} 
1.c4 e5 2.Nc3 Nf6 3.Nf3 Nc6 4.e4 {This is currently a fashionable variation of the English Four Knights Opening. It's curious that I have become a sort of \"specialist\" in this line, although I have never played it in an official over-the-board game. But times have changed, and when searching in an online database, I found no fewer than 16 of my own games, all played in Titled Tuesdays. Of course, the reader can find more qualified players to follow in case they decide to study this variation, but I must say my score is not bad at all. Given my poor Titled Tuesday record, this shows that this line must be really very good for White.} 4...Bc5 ( 4...Bb4 {is a more reliable move.} ) 5.Nxe5 $1 {This is the point; otherwise, Black has very comfortable play.} 5...Nxe5 ( 5...Bxf2+ $2 {is a typical resource, but here it's just losing.} 6.Kxf2 Nxe5 7.d4 {and White has an overwhelming advantage. I played a few online games in this position, but since they were not played in any official event, they cannot (luckily) be found.} ) ( 5...O-O $5 {Nakamura played this against me in a Titled Tuesday once. I was surprised and reacted poorly with} 6.Nxc6 $2 ( 6.Nf3 $1 {is better.} 6...Nxe4 7.Nxe4 Re8 8.d3 f5 9.Be2 fxe4 10.dxe4 {with the advantage.} ) 6...dxc6 {Black has great compensation for the pawn.} ) 6.d4 Bb4 7.dxe5 Nxe4 {Now White has a difficult decision between 8.Qd4 and 8.Qf3. To me, it's not clear which is better, but the latter is more popular these days.} 8.Qf3 ( 8.Qd4 Nxc3 9.bxc3 Be7 10.Qg4 {with a complicated game.} ) 8...Nxc3 ( 8...Qh4 $2 {loses after} 9.g3 Ng5 10.Qe2 Qe4 11.Bxg5 Bxc3+ 12.bxc3 Qxh1 13.f3 {and the h1-queen will soon be captured.} ) 9.bxc3 Ba5 ( 9...Bc5 {This was played against me by German GM Rasmus Svane.} 10.Qg3 g6 $2 ( 10...Kf8 {is necessary.} ) 11.Bd3 {and I had such a good position that even my poor play was unable to spoil it.} ) 10.Bf4 O-O 11.O-O-O $5 {It looks crazy for the untrained (or unprepared) eye to direct the king toward such a scattered pawn structure. But if the computers say it's good, we have to study it. More conservative (or lazier) players might consider 11.Rd1 or 11.Be2 and castling short.} 11...Qe7 12.Kb2 {This is necessary to avoid a queen invasion.} 12...Rb8 $1 {An excellent move, creating an x-ray with the king and getting ready for counterplay with b7-b5. This is still mainstream opening theory.} 13.Qe3 $1 {A strong prophylactic move. White gets ready to meet 13...b5 with 14.c5. If White manages to stop Black's counterplay on the queenside, then he is ready for a devastating kingside attack. Let's not forget that Black's king is completely abandoned by his pieces. When the bishop gets to d3, checkmate is going to be a real possibility.} ( 13.Bd3 {This was played by Carlsen against Caruana, when all this was still new to everyone. Black has good counterplay after} 13...b5 $1 14.cxb5 Bb7 {Carlsen - Caruana, Douglas 2019.} ) 13...b6 $6 $146 {This is a new and strange move. Black's counterplay is usually connected with b7-b5, so why advance this move only one square $2} ( 13...b5 {was tried in a few games.} 14.c5 $1 b4 15.c4 b3 16.a3 $1 {and it seems Black still has problems to solve.} ( 16.axb3 $6 Bb4 ) ) ( 13...Bb6 {was played in a recent email game and is the first suggestion of the computer. I guess future games will say whether this move is enough to solve Black's problems.} ) 14.Bd3 ( 14.h4 $1 {is a typical plan and also very strong. White prepares 15.Rh3, and the rook is useful both on attack and defense.} ) 14...Qe6 ( 14...f6 {Maybe Black should try this move. With the bishop on d3, 15.exf6 is not so good because the c3-pawn will be hanging after 15...Qxf6.} ) 15.Qg3 {Not the most accurate. I think 15.Qe4 or 15.h4 is better.} ( 15.Qe4 g6 16.Bh6 Re8 17.Rhe1 {with the advantage.} ) ( 15.h4 $5 {and the idea of Rh3 is also promising.} ) 15...Re8 {The idea of this move is to avoid Bg5.} ( 15...b5 {is interesting. Play might continue:} 16.c5 ( 16.cxb5 {This move is not what White usually wants to play.} 16...Bb7 {With the idea of Bc6 followed by a6 with good compensation.} ) 16...Ba6 {with a very complicated position. One of the computer lines goes} 17.Bg5 b4 18.c4 b3 $1 19.axb3 Bxc4 20.Bxc4 Qxc4 21.Bh6 Qe2+ 22.Ka1 g6 23.Bxf8 Kxf8 24.Qe3 Qxe3 25.fxe3 Bc3+ 26.Ka2 Ke7 {and the e5-pawn will fall, and Black has good drawing chances.} ) 16.Rhe1 {Preparing Bg5 again now that the e5-pawn is protected.} 16...b5 {Mamedyarov starts his counterplay. This is a critical position.} 17.c5 $2 {This is a mistake because the e1-rook will be hanging. I understand Niemann probably saw this and decided to sacrifice the exchange, but the stone- hearted computer is not impressed.} ( 17.cxb5 $1 {is better with big complications.} ) 17...b4 18.c4 b3 $1 {This is the point.} 19.axb3 Bxe1 20.Rxe1 a5 $2 {After this move, the exchange sacrifice is fully justified, and White achieves enormous compensation. Black should open the center with 20...d6 or 20...d5.} ( 20...d6 $1 {20...d5 is the same.} 21.cxd6 cxd6 {and White has some compensation for the exchange, but objectively Black is better.} ) 21.Bd2 $1 {A very good move, preparing to meet 21...a4 with 22.b4.} ( 21.Qh4 g6 22.Bd2 $1 {is also good with the same idea.} ) 21...Ba6 ( 21...a4 22.b4 {with a winning position for White due to the big space advantage. The rooks have no columns to control, and the king is very insecure.} ) 22.Qh4 g6 23.Qd4 $1 {I like this move a lot, centralizing the queen.} ( 23.Bxa5 $6 {is not so clear after} 23...Qc6 $1 ) 23...Rb7 {This is the only plan for counterplay. The game flows logically.} 24.Bxa5 Reb8 25.b4 Rxb4+ $1 {Otherwise Black can resign.} 26.Bxb4 Rxb4+ 27.Kc3 Rb8 28.Be4 Qe8 ( 28...Bxc4 $5 {is an interesting try to complicate the game. After} 29.Qxc4 Qxe5+ 30.Kd3 Qb2 $1 {White has to find the precise} 31.Bd5 $1 Qxf2 32.Qc3 $1 {Everything is protected, and the position is winning.} ) 29.Bd5 ( 29.Rd1 $1 {is more accurate.} ) 29...Bb7 30.Rb1 Ba8 $2 {This move loses.} ( 30...Bxd5 $1 {is the only chance. After} 31.Rxb8 Qxb8 32.cxd5 ( 32.Qxd5 Qe8 $14 ) 32...Qb5 {Black can fight for the draw.} ) 31.Rxb8 Qxb8 32.Bxa8 Qxa8 33.Qxd7 Qa1+ 34.Kb4 Qxe5 35.Kb5 {The c7-pawn will fall, and White has an easy winning position. This is a good time to pay respect for the doubled pawns, an often-misunderstood positional element of chess. Doubled pawns are usually not as bad as people think. Here, for instance, this extra pawn on c4 serves as a shelter for the king against the checks.} 35...h5 36.Kc6 Qxh2 37.Qd8+ Kh7 38.Qf6 Qxg2+ 39.Kxc7 {The rest is easy.} 39...Qe4 40.Qxf7+ Kh6 41.Qd5 Qe7+ 42.Kb6 Qf6+ 43.c6 Qxf2+ 44.Kb7 Qb2+ 45.Qb5 Qg2 46.Kb8 h4 47.c7 Qg3 48.Kb7 Qf3+ 49.Qd5 Qb3+ 1-0